CCNA LabPro T.2
Nội dung tài liệu gồm các bài thực hành liên quan đến các nội dung: Phần 1: Các cấu hình cơ bản Cisco IOS; Phần 2: Cấu hình Catalyst Switch.
Gorde:
| Egile nagusia: | |
|---|---|
| Beste egile batzuk: | |
| Formatua: | Liburua |
| Hizkuntza: | Undetermined |
| Argitaratua: |
Tp. HCM
Nxb. Trẻ
2009
|
| Gaiak: | |
| Sarrera elektronikoa: | http://lrc.tdmu.edu.vn/opac/search/detail.asp?aID=2&ID=7797 |
| Etiketak: |
Etiketa erantsi
Etiketarik gabe, Izan zaitez lehena erregistro honi etiketa jartzen!
|
| Thư viện lưu trữ: | Trung tâm Học liệu Trường Đại học Thủ Dầu Một |
|---|
| LEADER | 00957nam a2200229Ia 4500 | ||
|---|---|---|---|
| 001 | TDMU_7797 | ||
| 008 | 210410s9999 xx 000 0 und d | ||
| 082 | |a 004.6 | ||
| 090 | |b Đ116 | ||
| 100 | |a Đặng, Quang Minh | ||
| 245 | 0 | |a CCNA LabPro | |
| 245 | 0 | |c Đặng Quang Minh, Bùi Nguyễn Hoàng Long, Phạm Đình Thông | |
| 245 | 0 | |n T.2 | |
| 260 | |a Tp. HCM | ||
| 260 | |b Nxb. Trẻ | ||
| 260 | |c 2009 | ||
| 300 | |a 420tr | ||
| 520 | |a Nội dung tài liệu gồm các bài thực hành liên quan đến các nội dung: Phần 1: Các cấu hình cơ bản Cisco IOS; Phần 2: Cấu hình Catalyst Switch. | ||
| 650 | |a Cấu trúc mạng truyền thông; Phương thức truyền dữ liệu | ||
| 700 | |a Bùi, Nguyễn Hoàng Long | ||
| 856 | |u http://lrc.tdmu.edu.vn/opac/search/detail.asp?aID=2&ID=7797 | ||
| 980 | |a Trung tâm Học liệu Trường Đại học Thủ Dầu Một | ||